01206 a2200193 45000010006000000050017000060080041000230030015000640400040000790800104001192450021002230200018002442640049002623000024003115050549003350410008008841000021008928560099009134609420260407155734.0260407a1995 arg spa dAR-UNSa-BCEJYS aAR-UNSa-BCEJYSbspacAR-UNSa-BCEJYS a330.1xCiencia económica. Conceptos fundamentales de teoría económica. Valor. Capital. Fondos10aPublic economics a0-521-49769-8 1aNew York :bCambridge University Pressc1995 axvi, 546 p.c25 cm. aPart I. : Foundations : 1. Introduction – 2. General equilibrium and welfare economics – 3. Topics in measurement - - Part II. : Analysis in the competitive economy : 4. Commodity texation – 5. Income texation – 6. Policy reform – 7. Risk – 8. Corporate texation - - Part III. : Relaxing the assumptions : 9. Public godos – 10. Externalities – 11. Imperfect competition – 12. Tax evasión - - Part IV. : Introducing real time : 13. Overlapping generations economies – 14. Social security – 15. Debt and texation.  aspa1 aMyles, Gareth D.41uhttps://www.biblioeco.unsa.edu.ar/pmb/images/libros/L127338.jpgyImagen de portadaqimage/jpeg